[Event "Perth Major 2019"]
[Site "Perth SCO"]
[Date "2019.02.09"]
[Round "3"]
[White "Banarjee, Subhayu"]
[Black "Burke, David"]
[Result "0-1"]
[WhiteElo "1403"]
[BlackElo "1570"]
[PlyCount "118"]
[EventDate "2019.02.08"]

1. e4 c5 2. Nf3 d6 3. d4 cxd4 4. Nxd4 Nf6 5. Nc3 a6 6. Bc4 e6 7. Bb3 Be7 8. O-O
O-O 9. f4 Nc6 10. e5 dxe5 11. Nxc6 bxc6 12. fxe5 Qxd1 13. Rxd1 Bc5+ 14. Kh1 Ng4
15. Ne4 Bb6 16. c4 Bc7 17. h3 Nxe5 18. Nd6 Bb6 19. Bf4 Ng6 20. Bh2 a5 21. Ba4
Ne7 22. Bg3 Bc5 23. Ne4 Ba7 24. Bd6 Ng6 25. Bxf8 Kxf8 26. Bxc6 Rb8 27. b3 Ke7
28. Rd3 Ne5 29. Rd6 f5 30. Rad1 fxe4 31. Bxe4 Nf7 32. R6d3 g6 33. Re1 Bb7 34.
Bd5 Bxd5 35. cxd5 e5 36. d6+ Kd7 37. Rf1 Ke6 38. d7 Rd8 39. Rfd1 Bd4 40. Rc1
Rxd7 41. Rc6+ Kd5 42. Ra6 Ke4 43. Rd1 Ke3 44. Rxa5 Ke2 45. Rc1 e4 46. Ra4 e3
47. Rcc4 Be5 48. Rc1 Rd1+ 49. Rxd1 Kxd1 50. Re4 e2 51. a4 e1=Q+ 52. Rxe1+ Kxe1
53. b4 Bc3 54. b5 Ba5 55. g3 Kf2 56. Kh2 Ne5 57. g4 Kf3 58. g5 Kf4 59. h4 Kg4
0-1

[Event "Perth Major 2019"]
[Site "Perth SCO"]
[Date "2019.02.09"]
[Round "3"]
[White "Roth, Michael J"]
[Black "Doris, Peter"]
[Result "1-0"]
[WhiteElo "1551"]
[BlackElo "1477"]
[PlyCount "95"]
[EventDate "2019.02.08"]

1. Nf3 d5 2. d4 Nf6 3. c4 e6 4. Nc3 c6 5. e3 Bd6 6. Bd3 Nbd7 7. O-O e5 8. cxd5
cxd5 9. dxe5 Nxe5 10. Bb5+ Bd7 11. Nd4 Bxb5 12. Ncxb5 O-O 13. b3 Re8 14. Bb2 a6
15. Nxd6 Qxd6 16. Rc1 Rac8 17. Qd2 Neg4 18. Nf3 Ne4 19. Qd4 Ngf6 20. Ne5 Qe6
21. f3 Nd6 22. Ng4 Nf5 23. Nxf6+ gxf6 24. Qxf6 Qxf6 25. Bxf6 Kf8 26. Bd4 Rxc1
27. Rxc1 Nxe3 28. Re1 Nf5 29. Bc5+ Ne7 30. Re5 f6 31. Rxd5 Kf7 32. Rd7 b5 33.
Ra7 a5 34. Rxa5 Nd5 35. Rxb5 Nc3 36. Rb4 Kg6 37. a4 Re2 38. Kf1 Ra2 39. Rb6 Kf5
40. Bd4 Nd5 41. Rd6 Nb4 42. Rxf6+ Kg5 43. Rb6 Nc2 44. Bc5 Ra1+ 45. Ke2 Ne1 46.
Be3+ Kf5 47. g4+ Ke5 48. Bd2 1-0

[Event "Perth Major 2019"]
[Site "Perth SCO"]
[Date "2019.02.09"]
[Round "3"]
[White "Hartman, James"]
[Black "Samson, Will J"]
[Result "1-0"]
[WhiteElo "1376"]
[BlackElo "1797"]
[PlyCount "133"]
[EventDate "2019.02.08"]

1. d4 Nf6 2. Nf3 g6 3. Nc3 d5 4. Bf4 c6 5. e3 Bg7 6. Be2 O-O 7. Ne5 Nbd7 8. h4
h5 9. f3 Nxe5 10. dxe5 Nd7 11. g4 hxg4 12. fxg4 Bxe5 13. h5 Bxf4 14. exf4 e5
15. hxg6 Qf6 16. Qd3 Qxg6 17. Qh3 Kg7 18. f5 Qg5 19. Qh7+ Kf6 20. Rh5 Qg8 21.
Rh6+ Ke7 22. Re6+ Kd8 23. Qh4+ f6 24. O-O-O Qg7 25. Nxd5 cxd5 26. Rxd5 Kc7 27.
Qg3 Qh6+ 28. Kb1 Qh1+ 29. Rd1 Qe4 30. Qc3+ Kb8 31. Qa3 a6 32. Bf3 Qc4 33. Rxd7
Bxd7 34. Qd6+ Qc7 35. Qxf8+ Ka7 36. Qd6 Rc8 37. Qxc7 Rxc7 38. Rxf6 Rc4 39. b3
Rd4 40. Rf7 e4 41. Bxe4 Rxe4 42. Rxd7 Rxg4 43. Rf7 Rf4 44. f6 Kb6 45. Rf8 Kb5
46. Kb2 Kc5 47. f7 Kd6 48. Rd8+ Ke7 49. f8=Q+ Rxf8 50. Rxf8 Kxf8 51. Kc3 Ke7
52. Kc4 Kd6 53. a4 Kc6 54. a5 b5+ 55. axb6 Kxb6 56. Kb4 a5+ 57. Ka4 Ka6 58. c3
Kb6 59. c4 Ka6 60. c5 Kb7 61. Kxa5 Kc6 62. b4 Kb7 63. b5 Ka7 64. c6 Kb8 65. b6
Ka8 66. Ka6 Kb8 67. c7+ 1-0

[Event "Perth Major 2019"]
[Site "Perth SCO"]
[Date "2019.02.09"]
[Round "3"]
[White "Dutta, Oishani"]
[Black "Birkett, Callum"]
[Result "1-0"]
[WhiteElo "1247"]
[BlackElo "1742"]
[PlyCount "125"]
[EventDate "2019.02.08"]

1. e4 e5 2. Nf3 Nc6 3. Bb5 d6 4. O-O a6 5. Ba4 f5 6. d3 f4 7. d4 b5 8. Bb3 Bg4
9. c3 exd4 10. Bxf4 Qf6 11. Bg3 Bxf3 12. Qxf3 Qxf3 13. gxf3 Na5 14. Bc2 dxc3
15. Nxc3 c6 16. Rad1 O-O-O 17. Rc1 g5 18. b3 h5 19. h3 Bg7 20. Bd1 Be5 21. Ne2
Ne7 22. f4 gxf4 23. Nxf4 Bxf4 24. Bxf4 Rhg8+ 25. Kh2 Ng6 26. Be3 Kb7 27. Bxh5
Ne5 28. Rg1 c5 29. Rcd1 Rh8 30. Be2 Kc6 31. Rg7 Rdf8 32. Rdg1 Nf3+ 33. Bxf3
Rxf3 34. R1g3 Rxg3 35. Kxg3 c4 36. bxc4 bxc4 37. Bd4 Rc8 38. Kf3 Kb5 39. Bc3
Nc6 40. Ke3 Ra8 41. Rg6 Rd8 42. h4 d5 43. exd5 Rxd5 44. Rg5 Ne7 45. Rxd5+ Nxd5+
46. Kd4 Nf4 47. Bd2 Nh5 48. f4 Kc6 49. Kxc4 Kd6 50. Kd4 Ke6 51. Ke4 Nf6+ 52.
Kf3 Kf5 53. Bc3 Nd5 54. Be5 a5 55. h5 a4 56. h6 Kg6 57. Bg7 Ne7 58. Ke4 Nf5 59.
a3 Nh4 60. Ke5 Nf3+ 61. Ke6 Ng5+ 62. fxg5 Kh7 63. Kd5 1-0

[Event "Perth Major 2019"]
[Site "Perth SCO"]
[Date "2019.02.09"]
[Round "3"]
[White "Murray, Frankie"]
[Black "Ramazanov, Vagif"]
[Result "1-0"]
[WhiteElo "1729"]
[BlackElo "1308"]
[PlyCount "49"]
[EventDate "2019.02.08"]

1. e4 c5 2. Nf3 d6 3. d4 cxd4 4. Nxd4 Nf6 5. Nc3 g6 6. f4 Bg7 7. Be2 Nc6 8.
Nxc6 bxc6 9. e5 dxe5 10. Qxd8+ Kxd8 11. fxe5 Nd5 12. Nxd5 cxd5 13. Bf4 f6 14.
O-O-O e6 15. c4 Ba6 16. Rhe1 Rc8 17. b3 fxe5 18. Bg5+ Kd7 19. Bg4 h5 20. Rxd5+
Ke8 21. Bxe6 Rb8 22. Rd7 Bh6 23. Bxh6 Rxh6 24. Rxe5 Rb7 25. Rxb7 1-0

[Event "Perth Major 2019"]
[Site "Perth SCO"]
[Date "2019.02.09"]
[Round "3"]
[White "Macgilchrist, Siegrun"]
[Black "Wilson, Cameron"]
[Result "0-1"]
[WhiteElo "1607"]
[BlackElo "1302"]
[PlyCount "128"]
[EventDate "2019.02.08"]

1. c4 g6 2. d4 Bg7 3. g3 c6 4. Nf3 Nf6 5. Nc3 O-O 6. Bg2 Re8 7. e4 d6 8. O-O
Bg4 9. Be3 Qb6 10. Qc2 Qa5 11. c5 Na6 12. a3 b5 13. cxb6 axb6 14. b4 Qh5 15.
Ne1 Nxb4 16. axb4 Rxa1 17. f3 Rxe1 18. Rxe1 Bxf3 19. Bxf3 Qxf3 20. Qg2 Qxg2+
21. Kxg2 Ng4 22. Bg1 e5 23. d5 c5 24. bxc5 bxc5 25. Nb5 Bf8 26. h3 Nf6 27. Kf3
Rb8 28. Rb1 Ne8 29. Be3 Nc7 30. Nc3 Rxb1 31. Nxb1 Nb5 32. Bd2 Nd4+ 33. Kf2 f5
34. Nc3 h5 35. exf5 gxf5 36. Na4 Kh7 37. Nb6 Bh6 38. Be1 f4 39. Nc4 fxg3+ 40.
Kxg3 Bf4+ 41. Kf2 Nf5 42. Ba5 e4 43. Bc7 h4 44. Ke2 Kg7 45. Na3 Ne7 46. Bd8 Kf7
47. Bxe7 Kxe7 48. Nb5 Kf6 49. Nc7 Ke5 50. Kd1 c4 51. Kc2 e3 52. Kd1 Ke4 53. Ke2
c3 54. Nb5 c2 55. Nc3+ Kd4 56. Na2 Kc4 57. Nc1 Kxd5 58. Nd3 Kc4 59. Nc1 d5 60.
Nd3 d4 61. Nc1 Kc3 62. Nd3 Bg5 63. Nc1 Kb2 64. Nd3+ Kb1 0-1

[Event "Perth Major 2019"]
[Site "Perth SCO"]
[Date "2019.02.09"]
[Round "3"]
[White "Dowling, Richard"]
[Black "Dutta, Nandini"]
[Result "1-0"]
[WhiteElo "1596"]
[BlackElo "1240"]
[PlyCount "51"]
[EventDate "2019.02.08"]

1. e4 e6 2. d4 d5 3. e5 c5 4. c3 Nc6 5. Nf3 Nge7 6. Na3 a6 7. Nc2 Nf5 8. Be2
Qb6 9. b3 Be7 10. Ne3 Nxe3 11. Bxe3 cxd4 12. cxd4 Bb4+ 13. Kf1 O-O 14. Bd3 h6
15. a3 Be7 16. b4 Bd7 17. Rc1 Rac8 18. Bb1 Na7 19. g4 Bb5+ 20. Kg2 Rxc1 21.
Bxc1 Rc8 22. h4 f6 23. g5 fxe5 24. Nxe5 Qd8 25. Qg4 hxg5 26. Qxe6+ 1-0

[Event "Perth Major 2019"]
[Site "Perth SCO"]
[Date "2019.02.09"]
[Round "3"]
[White "Washington, Ian"]
[Black "Bishop, Lee"]
[Result "1-0"]
[WhiteElo "1434"]
[BlackElo "1180"]
[PlyCount "90"]
[EventDate "2019.02.08"]

1. e4 e6 2. c4 c5 3. Nc3 Nc6 4. Nf3 Qc7 5. d3 Nf6 6. Be2 d5 7. Nb5 Qb8 8. cxd5
exd5 9. g3 Bd6 10. Bg5 Be6 11. O-O Nd7 12. exd5 Bxd5 13. Nxd6+ Qxd6 14. Bf4 Qf6
15. d4 cxd4 16. Bb5 O-O 17. Nxd4 Qxd4 18. Qxd4 Nxd4 19. Bxd7 Nf3+ 20. Kg2 Ne5+
21. Kg1 Nxd7 22. Rfd1 Bc6 23. b4 Nf6 24. a4 a6 25. Be3 Rfd8 26. Rf1 Nd5 27. Bd2
Nb6 28. Be3 Nc4 29. Bf4 b5 30. a5 Bf3 31. h4 Rd5 32. Rac1 Rad8 33. Rc3 Rd3 34.
Rxd3 Rxd3 35. Re1 Rd1 36. Rxd1 Bxd1 37. Kg2 f6 38. f3 Ne5 39. Bxe5 fxe5 40. Kf2
Kf7 41. Ke3 Ke6 42. g4 Kd5 43. g5 Kc4 44. Ke4 Kxb4 45. Kxe5 Bxf3 1-0

[Event "Perth Major 2019"]
[Site "Perth SCO"]
[Date "2019.02.09"]
[Round "3"]
[White "Wilson, Donald"]
[Black "McDade, James"]
[Result "0-1"]
[WhiteElo "1420"]
[BlackElo "1442"]
[PlyCount "44"]
[EventDate "2019.02.08"]

1. d4 d5 2. Nf3 Nf6 3. Nc3 e6 4. a3 c6 5. e3 Bd6 6. Bd3 O-O 7. O-O Nbd7 8. Re1
e5 9. dxe5 Nxe5 10. Nxe5 Bxe5 11. Ne2 Bxh2+ 12. Kf1 Ng4 13. Nd4 Qh4 14. Qd2 Ne5
15. Nf5 Bxf5 16. Bxf5 g6 17. Bh3 f5 18. Qd4 Ng4 19. Qd2 f4 20. Bxg4 Qxg4 21. f3
Qh4 22. e4 Bg3 0-1

[Event "Perth Major 2019"]
[Site "Perth SCO"]
[Date "2019.02.09"]
[Round "3"]
[White "McRobert, George R"]
[Black "Noble, Raymond"]
[Result "1-0"]
[WhiteElo "1373"]
[BlackElo "1482"]
[PlyCount "79"]
[EventDate "2019.02.08"]

1. e4 c5 2. d4 cxd4 3. c3 d5 4. e5 dxc3 5. Nxc3 d4 6. Nb5 Nc6 7. Ne2 d3 8. Ng3
a6 9. Nc3 Nb4 10. Qa4+ Nc6 11. Be3 b5 12. Nxb5 Bd7 13. e6 fxe6 14. Nc3 Ne5 15.
Qe4 Nf7 16. Bxd3 Nf6 17. Qh4 g6 18. O-O Bg7 19. Rac1 Rb8 20. Rc2 Nd5 21. Nge4
Nb4 22. Rd2 Nxd3 23. Rxd3 Rxb2 24. f4 Qc7 25. Rfd1 Bc6 26. R1d2 Qb7 27. Nc5 Bf6
28. Qh3 Rxd2 29. Bxd2 Qb2 30. Qxe6 O-O 31. Qxc6 Bxc3 32. Bxc3 Qc1+ 33. Kf2 Ng5
34. Qd5+ Rf7 35. Bd2 Ne4+ 36. Qxe4 Qxc5+ 37. Be3 Qc2+ 38. Kg3 Qc8 39. Bd4 h5
40. Qxg6+ 1-0

[Event "Perth Major 2019"]
[Site "Perth SCO"]
[Date "2019.02.10"]
[Round "4"]
[White "McKay, Jonathan"]
[Black "Harvey, Steven David"]
[Result "1/2-1/2"]
[WhiteElo "1540"]
[BlackElo "1728"]
[PlyCount "40"]
[EventDate "2019.02.08"]

1. d4 Nf6 2. c4 g6 3. Nc3 Bg7 4. e4 d6 5. Be2 O-O 6. Bg5 c6 7. Qd2 Nbd7 8. Nf3
e5 9. O-O Qe7 10. Rfe1 Re8 11. Rad1 Nf8 12. dxe5 dxe5 13. Qd6 Qxd6 14. Rxd6 Ne6
15. Bh4 Nh5 16. Red1 Bf8 17. R6d2 Bh6 18. Rd6 Bf8 19. R6d2 Bh6 20. Rd6 Bf8
1/2-1/2

[Event "Perth Major 2019"]
[Site "Perth SCO"]
[Date "2019.02.10"]
[Round "4"]
[White "Sutherland, Andrew"]
[Black "Monaghan, Mark"]
[Result "0-1"]
[WhiteElo "1537"]
[BlackElo "1697"]
[PlyCount "134"]
[EventDate "2019.02.08"]

1. c4 e6 2. g3 d5 3. Bg2 Nf6 4. Nf3 Be7 5. O-O O-O 6. d4 c5 7. cxd5 exd5 8.
dxc5 Bxc5 9. e3 Nc6 10. Nc3 h6 11. a3 a5 12. b3 Bg4 13. h3 Be6 14. Bb2 Ba7 15.
Ne2 Rc8 16. Nfd4 Qe7 17. Nxc6 bxc6 18. Qd2 Bb6 19. Rac1 Rfd8 20. Nd4 Bd7 21. b4
Ne4 22. Qe1 axb4 23. Qxb4 Qxb4 24. axb4 Nd2 25. Rfd1 Nc4 26. Bc3 Re8 27. Bf1
Ne5 28. Kg2 Rc7 29. Be2 Ra7 30. Nf3 Nxf3 31. Bxf3 Ra3 32. Bd4 Bxd4 33. Rxd4 Rb3
34. Bg4 f5 35. Bd1 Rb2 36. Rc2 Rb1 37. Rc3 Rb8 38. Rb3 Ra1 39. Bf3 Kh7 40. Rd1
Ra4 41. Rdb1 Be6 42. Rc3 Rb6 43. Rb2 Kg8 44. Bd1 Ra7 45. Rbc2 Bd7 46. Rb2 Kf7
47. Kf3 Ke6 48. Ke2 Kd6 49. Kd3 Rab7 50. Rcb3 Ke5 51. f4+ Kd6 52. Kd4 Ra7 53.
Rc3 Ra1 54. Rd3 Rba6 55. Kc3 R6a3+ 56. Rb3 R3a2 57. Rb2 Rc1+ 58. Kb3 Raa1 59.
Rbd2 Ra7 60. Kb2 Rca1 61. Kc3 Be6 62. Kb2 R1a2+ 63. Kc3 R7a3+ 64. Kd4 Rxd3+ 65.
Kxd3 Ra3+ 66. Kd4 Bc8 67. Be2 Rb3 0-1

[Event "Perth Major 2019"]
[Site "Perth SCO"]
[Date "2019.02.10"]
[Round "4"]
[White "Barron-Majerik, Jan"]
[Black "Kante, Kalyan Sai Nandan"]
[Result "1/2-1/2"]
[WhiteElo "1629"]
[BlackElo "1511"]
[PlyCount "70"]
[EventDate "2019.02.08"]

1. d4 Nf6 2. Nf3 d6 3. Bf4 g6 4. e3 Bg7 5. Bd3 O-O 6. h3 Nbd7 7. O-O c5 8. c3
b6 9. Nbd2 Bb7 10. Re1 Re8 11. e4 Nh5 12. Be3 e5 13. d5 a6 14. a4 Nf4 15. Bf1
h6 16. g3 Nh5 17. Nh2 Bc8 18. Be2 Ndf6 19. Ng4 Kh7 20. Kg2 Nxe4 21. Nxe4 f5 22.
Nh2 fxe4 23. Bxh5 gxh5 24. Qxh5 Rf8 25. Ng4 Rf5 26. Qh4 Qxh4 27. gxh4 h5 28.
Nh2 Bf6 29. f3 exf3+ 30. Nxf3 Bb7 31. Rad1 Rg8+ 32. Bg5 e4 33. Rxe4 Bxd5 34.
Rxd5 Rxd5 35. Re6 Bxg5 1/2-1/2

[Event "Perth Major 2019"]
[Site "Perth SCO"]
[Date "2019.02.10"]
[Round "4"]
[White "Watson-McFie, Joseph"]
[Black "Gibb, Robert A"]
[Result "1-0"]
[WhiteElo "1600"]
[BlackElo "1478"]
[PlyCount "117"]
[EventDate "2019.02.08"]

1. e4 c6 2. c4 d5 3. exd5 cxd5 4. d4 dxc4 5. Bxc4 e6 6. Nf3 Nf6 7. Nc3 a6 8.
Qe2 Be7 9. O-O O-O 10. Rd1 Qc7 11. Ne5 Nc6 12. Bf4 Nxe5 13. dxe5 Nh5 14. Bd2 g6
15. Rac1 b5 16. Bb3 Qb8 17. g4 Ng7 18. Bf4 Bb7 19. Ne4 Bxe4 20. Qxe4 Rd8 21.
Bg3 Rxd1+ 22. Rxd1 Ra7 23. h4 Qc8 24. h5 Qe8 25. h6 a5 26. hxg7 Kxg7 27. Kg2 a4
28. Bc2 b4 29. Rh1 Qa8 30. Bh4 Bxh4 31. Rxh4 Qxe4+ 32. Bxe4 Ra5 33. f4 Rc5 34.
Kf3 a3 35. Rh2 axb2 36. Rxb2 Rc3+ 37. Ke2 Rc4 38. Kd3 Rc3+ 39. Kd4 Rg3 40. Rg2
Rc3 41. Bd3 Rc7 42. Rb2 h5 43. g5 Kf8 44. Rxb4 Rd7+ 45. Ke4 Rd8 46. a4 h4 47.
Rb2 Ke7 48. Rh2 Ra8 49. Bb5 Rh8 50. Kf3 Kd8 51. Kg4 Kc7 52. Rxh4 Rf8 53. a5 Kb8
54. a6 Kc7 55. Rh2 Ra8 56. Rh7 Kb6 57. Be2 Rf8 58. Rh3 Ka7 59. Rd3 1-0

[Event "Perth Major 2019"]
[Site "Perth SCO"]
[Date "2019.02.10"]
[Round "4"]
[White "Whittaker, Ian"]
[Black "Fay, Craig"]
[Result "1/2-1/2"]
[WhiteElo "1600"]
[BlackElo "1350"]
[PlyCount "73"]
[EventDate "2019.02.08"]

1. Nf3 f5 2. b4 Nf6 3. Bb2 e6 4. b5 b6 5. e3 Bb7 6. c4 Be7 7. Be2 c5 8. d3 O-O
9. Nbd2 Qe8 10. O-O d6 11. Re1 h6 12. h3 Nh7 13. e4 e5 14. exf5 Rxf5 15. Ne4
Nd7 16. g4 Rf8 17. Bc1 Ndf6 18. Bf1 Nxe4 19. dxe4 Qf7 20. Kg2 Bg5 21. Bd3 Bxc1
22. Rxc1 Ng5 23. Re3 Qf4 24. Qe2 Nxe4 25. Bxe4 Bxe4 26. Rcc3 Bb7 27. Kg1 Rf6
28. Nd2 Raf8 29. f3 e4 30. Nxe4 Bxe4 31. Rxe4 Qg3+ 32. Qg2 Qxg2+ 33. Kxg2 Kh7
34. Kg3 R8f7 35. f4 Rd7 36. Rd3 Kg6 37. f5+ 1/2-1/2

[Event "Perth Major 2019"]
[Site "Perth SCO"]
[Date "2019.02.10"]
[Round "4"]
[White "Kerridge, Simon"]
[Black "Robertson, Jim"]
[Result "0-1"]
[WhiteElo "1494"]
[BlackElo "1595"]
[PlyCount "54"]
[EventDate "2019.02.08"]

1. b3 d5 2. Bb2 e6 3. e3 f5 4. Nf3 Nf6 5. c4 c6 6. Be2 Bd6 7. Ne5 O-O 8. f4 Qe7
9. O-O Nbd7 10. g4 Bxe5 11. Bxe5 Nxe5 12. fxe5 Ne4 13. Kh1 Qh4 14. Kg2 Bd7 15.
d3 Ng5 16. Nd2 Qh3+ 17. Kh1 Qxe3 18. cxd5 exd5 19. Nf3 fxg4 20. Nxg5 Qxg5 21.
d4 g3 22. Rg1 Rf2 23. Rxg3 Qh4 24. Qg1 Qe4+ 25. Bf3 Rxf3 26. Rxg7+ Kh8 27. Qg2
Bh3 0-1

[Event "Perth Major 2019"]
[Site "Perth SCO"]
[Date "2019.02.10"]
[Round "4"]
[White "Le, Feuvre Gwenole"]
[Black "Roth, Michael J"]
[Result "1-0"]
[WhiteElo "1595"]
[BlackElo "1551"]
[PlyCount "53"]
[EventDate "2019.02.08"]

1. e4 e5 2. Nf3 Nc6 3. d4 exd4 4. Nxd4 Nf6 5. Nxc6 bxc6 6. e5 Nd5 7. c4 Bb4+ 8.
Bd2 Bxd2+ 9. Qxd2 Ne7 10. Nc3 O-O 11. O-O-O Ng6 12. f4 Ba6 13. h4 h5 14. g4
hxg4 15. h5 Ne7 16. h6 g6 17. Ne4 Nf5 18. Nf6+ Kh8 19. Qc3 c5 20. Rxd7 Qc8 21.
e6 Nd4 22. e7 Re8 23. Rxd4 Qe6 24. Re4 Qc6 25. Nxe8+ f6 26. Qxf6+ Qxf6 27. Nxf6
1-0

[Event "Perth Major 2019"]
[Site "Perth SCO"]
[Date "2019.02.10"]
[Round "4"]
[White "Sandham, Alasdair"]
[Black "McRobert, Michael"]
[Result "1/2-1/2"]
[WhiteElo "1348"]
[BlackElo "1469"]
[PlyCount "57"]
[EventDate "2019.02.08"]

1. d4 Nf6 2. Nf3 g6 3. Nc3 d5 4. Bf4 a6 5. e3 Bg7 6. Be2 O-O 7. O-O Nbd7 8. Qd2
c5 9. Rfe1 cxd4 10. exd4 Re8 11. Rad1 b5 12. Ne5 Bb7 13. a3 Nb6 14. b3 Rc8 15.
Na2 Ne4 16. Qe3 Rxc2 17. Nc1 Qc8 18. Ncd3 f6 19. Nf3 g5 20. Bg3 h5 21. h3 Nxg3
22. fxg3 Qc7 23. Nxg5 fxg5 24. Bxh5 Rf8 25. Qe6+ Kh8 26. Ne5 Rf6 27. Nf7+ Kh7
28. Nxg5+ Kh6 29. Nf7+ 1/2-1/2

[Event "Perth Major 2019"]
[Site "Perth SCO"]
[Date "2019.02.10"]
[Round "4"]
[White "Burke, David"]
[Black "Murray, Frankie"]
[Result "1-0"]
[WhiteElo "1570"]
[BlackElo "1729"]
[PlyCount "83"]
[EventDate "2019.02.08"]

1. e4 e6 2. d4 d5 3. Nd2 c5 4. exd5 exd5 5. dxc5 Bxc5 6. Ngf3 Nc6 7. Be2 Nge7
8. O-O O-O 9. b3 Bg4 10. Bb2 Bh5 11. a3 f6 12. b4 Bd6 13. Rb1 Rc8 14. Nb3 b6
15. Nfd4 Bf7 16. Bg4 Rc7 17. Nb5 Rb7 18. Nxd6 Qxd6 19. c4 Qf4 20. c5 Ne5 21.
Be2 Rd8 22. Bc1 Qf5 23. Be3 Qd7 24. b5 Rc7 25. c6 Qf5 26. Nd4 Qg6 27. f4 Nc4
28. Bxc4 dxc4 29. f5 Nxf5 30. Rxf5 Bd5 31. Rf2 Re8 32. Nf5 Re5 33. Nh4 Qe4 34.
Bf4 c3 35. Bxe5 fxe5 36. Rb4 c2 37. Qxc2 Qe1+ 38. Rf1 Qe3+ 39. Qf2 Qc5 40. Qxc5
bxc5 41. Rb2 e4 42. Rd2 1-0

[Event "Perth Major 2019"]
[Site "Perth SCO"]
[Date "2019.02.10"]
[Round "4"]
[White "Hall, David G"]
[Black "Harkins, William"]
[Result "1/2-1/2"]
[WhiteElo "1706"]
[BlackElo "1438"]
[PlyCount "115"]
[EventDate "2019.02.08"]

1. d4 d6 2. Nf3 c6 3. c4 Qc7 4. g3 Bg4 5. Bg2 Nd7 6. Nc3 Ngf6 7. h3 Bh5 8. g4
Bg6 9. Bf4 e5 10. dxe5 Nxe5 11. Nxe5 dxe5 12. Bg3 Bb4 13. Qb3 Bc5 14. O-O O-O
15. e3 Qe7 16. Rfd1 Rfd8 17. Rxd8+ Rxd8 18. Rd1 Rxd1+ 19. Qxd1 Bb4 20. Qb3 Bc5
21. a3 Ne8 22. Qd1 f6 23. b4 Bb6 24. c5 Bc7 25. Qd2 e4 26. Bxc7 Nxc7 27. Qd6
Qxd6 28. cxd6 Ne6 29. Bxe4 Bxe4 30. Nxe4 Nd8 31. f4 Kf7 32. f5 h6 33. Kf2 Ke8
34. h4 Nf7 35. g5 hxg5 36. hxg5 Nxg5 37. Nxg5 fxg5 38. e4 Kd7 39. e5 b6 40. Kg3
c5 41. bxc5 bxc5 42. Kg4 c4 43. f6 gxf6 44. exf6 Kxd6 45. Kxg5 Ke6 46. Kg6 c3
47. f7 c2 48. f8=Q c1=Q 49. Qf7+ Ke5 50. Qf6+ Kd5 51. Qf7+ Ke5 52. Qe7+ Kd5 53.
Qxa7 Qc2+ 54. Kg5 Qg2+ 55. Kf4 Qe4+ 56. Kg3 Qd3+ 57. Kg2 Qe2+ 58. Kg3 1/2-1/2

[Event "Perth Major 2019"]
[Site "Perth SCO"]
[Date "2019.02.10"]
[Round "4"]
[White "McMillan, Andrew"]
[Black "Rutherford, Kathleen"]
[Result "1/2-1/2"]
[WhiteElo "1393"]
[BlackElo "1683"]
[PlyCount "87"]
[EventDate "2019.02.08"]

1. e4 e5 2. Nf3 Nc6 3. Bb5 a6 4. Ba4 Nf6 5. d3 b5 6. Bb3 Be7 7. O-O O-O 8. Bd5
Bb7 9. Bxc6 Bxc6 10. Nxe5 Bb7 11. Nc3 d5 12. exd5 Nxd5 13. Nxd5 Bxd5 14. Be3
Bd6 15. Nf3 Qf6 16. c3 Rfe8 17. Re1 Qg6 18. Nh4 Qf6 19. Qh5 Re5 20. Qg4 Be6 21.
Qf3 Qd8 22. Bf4 Bd5 23. Qg3 Rxe1+ 24. Rxe1 Bxf4 25. Qxf4 Bxa2 26. Qe5 Be6 27.
Nf5 Qg5 28. Qe4 Rd8 29. Nd4 Qd5 30. Nxe6 Qxe6 31. Qxe6 fxe6 32. d4 Kf7 33. Re5
Rd5 34. f4 Rxe5 35. fxe5 Kg6 36. Kf2 Kf5 37. Kf3 c6 38. b4 h6 39. h3 h5 40. g3
Kg5 41. Ke4 g6 42. Ke3 Kf5 43. Kf3 g5 44. h4 1/2-1/2

[Event "Perth Major 2019"]
[Site "Perth SCO"]
[Date "2019.02.10"]
[Round "4"]
[White "Clinton, William"]
[Black "Madhavan, Sanjith"]
[Result "1/2-1/2"]
[WhiteElo "1682"]
[BlackElo "1427"]
[PlyCount "56"]
[EventDate "2019.02.08"]

1. e4 c6 2. d4 d5 3. f3 e6 4. Nc3 Bb4 5. Nge2 Nf6 6. a3 Ba5 7. e5 Nfd7 8. b4
Bb6 9. Be3 Nxe5 10. Ng3 Ng6 11. Bd3 O-O 12. f4 Re8 13. Qf3 f5 14. O-O Nd7 15.
Na4 Nf6 16. c4 dxc4 17. Nxb6 axb6 18. Bxc4 Qd6 19. Nxf5 Qc7 20. Rfe1 Nd5 21.
Bxd5 exd5 22. Ng3 Bd7 23. f5 Rf8 24. Bg5 h6 25. Qh5 Nf4 26. Bxf4 Qxf4 27. Qd1
Bxf5 28. Re7 Rab8 1/2-1/2

[Event "Perth Major 2019"]
[Site "Perth SCO"]
[Date "2019.02.10"]
[Round "4"]
[White "Young, Colin"]
[Black "Aitchison, A Keith"]
[Result "1/2-1/2"]
[WhiteElo "1360"]
[BlackElo "1667"]
[PlyCount "79"]
[EventDate "2019.02.08"]

1. d4 Nf6 2. c4 e5 3. dxe5 Ng4 4. Bf4 Bb4+ 5. Nd2 Nc6 6. Ngf3 Qe7 7. e3 Ngxe5
8. Nxe5 Nxe5 9. Be2 b6 10. O-O Bb7 11. a3 Bd6 12. Qc2 O-O 13. Ne4 Bxe4 14. Qxe4
Rae8 15. Qc2 Ng6 16. Bxd6 Qxd6 17. Rad1 Qe7 18. Qa4 Rd8 19. Qxa7 Qe5 20. Rd2 h5
21. Qb7 Ne7 22. Bf3 g6 23. Qe4 Qf6 24. Rfd1 d6 25. Qf4 Qg7 26. b4 Qc3 27. Rd3
Qg7 28. Qd4 Nf5 29. Qxg7+ Nxg7 30. c5 bxc5 31. bxc5 Ne8 32. Bc6 Kg7 33. a4 Rb8
34. Bxe8 Rfxe8 35. cxd6 cxd6 36. Rxd6 Re4 37. Ra1 Rxa4 38. Rad1 Ra2 39. g3 Rbb2
40. Rf1 1/2-1/2

[Event "Perth Major 2019"]
[Site "Perth SCO"]
[Date "2019.02.10"]
[Round "4"]
[White "Larkin, John"]
[Black "Maheshwari, Ritvik"]
[Result "1/2-1/2"]
[WhiteElo "1626"]
[BlackElo "1424"]
[PlyCount "38"]
[EventDate "2019.02.08"]

1. d4 d5 2. c4 e6 3. Nc3 Nf6 4. Nf3 Be7 5. Bg5 O-O 6. e3 Nbd7 7. Bd3 b6 8. cxd5
exd5 9. Rc1 c5 10. O-O Bb7 11. Re1 Re8 12. Bb1 Nf8 13. Ne5 N6d7 14. Bf4 Nxe5
15. Bxe5 Bd6 16. Bg3 cxd4 17. Qxd4 Bc5 18. Qd3 d4 19. exd4 Qxd4 1/2-1/2

[Event "Perth Major 2019"]
[Site "Perth SCO"]
[Date "2019.02.10"]
[Round "4"]
[White "Morrison, Gwilym"]
[Black "Dutta, Oishani"]
[Result "1-0"]
[WhiteElo "1624"]
[BlackElo "1247"]
[PlyCount "43"]
[EventDate "2019.02.08"]

1. d4 d5 2. c4 e6 3. Nc3 Nf6 4. Nf3 Be7 5. Bf4 O-O 6. Qc2 Nbd7 7. e3 Nh5 8. Bg3
Nxg3 9. hxg3 g6 10. cxd5 exd5 11. Nxd5 Bd6 12. O-O-O c6 13. Nf4 Qc7 14. Bd3 Nf6
15. Kb1 Re8 16. Ng5 Bxf4 17. gxf4 Kg7 18. d5 Bd7 19. Qc3 Rh8 20. Rxh7+ Rxh7 21.
Nxh7 Kxh7 22. Qxf6 1-0

[Event "Perth Major 2019"]
[Site "Perth SCO"]
[Date "2019.02.10"]
[Round "4"]
[White "Wilson, Cameron"]
[Black "Dowling, Richard"]
[Result "0-1"]
[WhiteElo "1302"]
[BlackElo "1596"]
[PlyCount "58"]
[EventDate "2019.02.08"]

1. e4 e6 2. Nc3 d5 3. exd5 exd5 4. g3 Nf6 5. Bg2 c6 6. Nf3 Bd6 7. O-O O-O 8. d4
Bg4 9. Ne2 Re8 10. Re1 Nbd7 11. Bf4 Qc7 12. Bxd6 Qxd6 13. Qd3 Re7 14. Nf4 Nh5
15. Ng5 Ndf6 16. Nxh5 Bxh5 17. h4 Rae8 18. Rxe7 Qxe7 19. c3 h6 20. Nh3 Qe2 21.
Qxe2 Rxe2 22. b3 Rc2 23. Re1 Rxc3 24. Re7 Rc1+ 25. Bf1 Ra1 26. a4 Rb1 27. Rxb7
Be2 28. Rxa7 Bxf1 29. Kh2 Ng4+ 0-1

[Event "Perth Major 2019"]
[Site "Perth SCO"]
[Date "2019.02.10"]
[Round "4"]
[White "McDade, James"]
[Black "Hartman, James"]
[Result "1-0"]
[WhiteElo "1442"]
[BlackElo "1376"]
[PlyCount "135"]
[EventDate "2019.02.08"]

1. d4 d5 2. e4 e6 3. Nc3 Nf6 4. Bg5 Be7 5. e5 Nfd7 6. Bxe7 Qxe7 7. Qg4 g6 8.
O-O-O a6 9. Nf3 c5 10. h4 cxd4 11. Qxd4 Nc6 12. Qf4 b5 13. h5 Bb7 14. hxg6 fxg6
15. Bd3 O-O-O 16. Rhe1 Rhf8 17. Qe3 Qc5 18. Qe2 Nb6 19. Kb1 b4 20. Nxd5 Nxd5
21. Bxa6 Bxa6 22. Qxa6+ Kc7 23. Ng5 Qe7 24. Ne4 Ra8 25. Qc4 Nb6 26. Qe2 Rad8
27. Nd6 Nd5 28. Qa6 Rxd6 29. exd6+ Qxd6 30. Qe2 Rd8 31. Qg4 Rd7 32. Kc1 Qf4+
33. Qxf4+ Nxf4 34. g3 Nh3 35. f4 Rxd1+ 36. Kxd1 Nf2+ 37. Kd2 Nd4 38. Re3 Ng4
39. Rd3 e5 40. fxe5 Nxe5 41. Rxd4 Nf3+ 42. Ke3 Nxd4 43. Kxd4 Kd6 44. Kc4 h5 45.
Kd4 Ke6 46. Ke4 g5 47. a3 bxa3 48. bxa3 h4 49. gxh4 gxh4 50. Kf4 h3 51. Kg3 h2
52. Kxh2 Kd5 53. Kg3 Kc5 54. Kf3 Kb5 55. Ke4 Ka4 56. Kd5 Kb5 57. c4+ Kb6 58.
Kd6 Kb7 59. c5 Kc8 60. c6 Kd8 61. c7+ Kc8 62. a4 Kb7 63. Kd7 Kb6 64. c8=Q Ka7
65. Qc4 Ka8 66. Qb5 Ka7 67. Kc7 Ka8 68. Qb8# 1-0